000 00386cam a2200157ua 4500
041 _aeng
_h
082 _a823.308
_bROB/NE
100 _aRobbins, Harold .
245 _aNever love a stranger /
_cHarold Robbins.
_hTextual Documents
250 _a1 /
_b.
260 _aNew York :
_bPocket books INC ,
_c1965.
300 _a466 ; .
504 _a
942 _cBK
999 _c8714
_d8714